000 00460nam a2200181Ia 4500
008 151202s9999||||xx |||||||||||||| ||und||
082 _bPNVM-83108
100 _aSTINE . L.R.
245 2 _aA shocker on shock street.
260 _bSCHOLASTIC PRESS NEW YORK.
260 _c1995
300 _a117
600 _aSTINE . L.R.
630 _aA shocker on shock street.
700 _aSTINE . L.R.
730 _aA shocker on shock street.
942 _cBOOK
999 _c1347823
_d1347820